Central Library OPAC University of Rajshahi

বাংলাদেশের সামদ্রিক মাছ = Marine fishes of Bangladesh / (Record no. 82560)

MARC details
000 -LEADER
fixed length control field 00981nam a2200229 a 4500
001 - CONTROL NUMBER
control field 82560
003 - CONTROL NUMBER IDENTIFIER
rucl marc code BD-RjUL
005 - DATE AND TIME OF LATEST TRANSACTION
control field 20231227154353.0
008 - FIXED-LENGTH DATA ELEMENTS--GENERAL INFORMATION
fixed length control field 231227s2022 bg ||||| |||| 00| 0 ben d
020 ## - INTERNATIONAL STANDARD BOOK NUMBER
International Standard Book Number 9789843534545
035 ## - SYSTEM CONTROL NUMBER
System control number (BD-RjUL)82560
040 ## - CATALOGING SOURCE
Original cataloging agency BD-RjUL
Language of cataloging eng
Transcribing agency BD-RjUL
041 ## - LANGUAGE CODE
Language code of text/sound track or separate title ben
082 ## - DEWEY DECIMAL CLASSIFICATION NUMBER
Edition number 23
Classification number 597.095492
Author mark and year BAN 2022
245 ## - TITLE STATEMENT
Title বাংলাদেশের সামদ্রিক মাছ = Marine fishes of Bangladesh /
Statement of responsibility, etc. সম্পাদনা ইয়াহিয়া মাহমুদ
260 ## - PUBLICATION, DISTRIBUTION, ETC. (IMPRINT)
Place of publication, distribution, etc. ঢাকা :
Name of publisher, distributor, etc. বাংলাদেশ মৎস্য গবেষণা ইনস্টিটিউট,
Date of publication, distribution, etc. ২০২২
300 ## - PHYSICAL DESCRIPTION
Pagination ৪৭৪ পৃ. :
Illustrations চিত্রসমূহ;
Size ২২ সেমি.
650 ## - SUBJECT ADDED ENTRY--TOPICAL TERM
Topical term or geographic name as entry element সামুদ্রিক মাছ
General subdivision বাংলাদেশ
9 (RLIN) 10750
Topical term or geographic name as entry element Marine fishes
General subdivision Bangladesh
9 (RLIN) 10751
700 ## - ADDED ENTRY--PERSONAL NAME
Personal name মাহমুদ, ইয়াহিয়া
942 ## - ADDED ENTRY ELEMENTS (KOHA)
Source of classification or shelving scheme Dewey Decimal Classification
Koha item type Books
Holdings
Lost status Source of classification or shelving scheme Damaged status Not for loan Collection code Permanent Location Current Location Shelving location Date acquired Source of acquisition Total Checkouts Full call number Date last seen Copy number Koha item type
  Dewey Decimal Classification   Not For Loan Non-fiction Central Library, University of Rajshahi Central Library, University of Rajshahi Reference 24/12/2023 Author   BR 597.095492 BAN 2022 27/12/2023 C-1 Books